| 000 | 00781cam a2200241 4500 | ||
|---|---|---|---|
| 001 | WB3616-07 | ||
| 008 | 000000n2000 000 0 eng u | ||
| 035 | _a(Sirsi) u105489 | ||
| 245 | _aTwo regions to pilot partnering scheme in procurement shake-up | ||
| 260 | _c2000 | ||
| 490 |
_aContract Journal _v 12 April 2000, 3(1) |
||
| 520 | _aThe North West and West Midlands have been chosen to pilot NHS Estates' new partnering scheme, which will bring sweeping changes to the way health trusts procure projects. | ||
| 590 | _aWB | ||
| 650 | _aNHS ESTATES | ||
| 650 | _aHEALTH TRUSTS | ||
| 650 | _aPARTNERING | ||
| 650 | _aPROCUREMENT METHODS | ||
| 650 | _aPFI | ||
| 650 | _aNORTHWEST ENGLAND | ||
| 650 | _aWEST MIDLANDS | ||
| 690 |
_aProcurement _96260 |
||
| 942 | _n0 | ||
| 999 |
_c63202 _d63202 |
||